Birthday Girl - FLETCHER - Statistics

General Stats
  • This quiz has been taken 8 times
  • The average score is 234 of 298
Answer Stats
Hint Answer % Correct
Chorus Birthday
100%
birthday
100%
but
100%
But
100%
didn't
100%
do
100%
Do
100%
girl
100%
have
100%
I
100%
Like
100%
like
100%
me?
100%
mine
100%
of
100%
on
100%
think
100%
to?
100%
to
100%
wish
100%
you
100%
a
80%
be
80%
cake
80%
gonna
80%
kinda
80%
lonely
80%
looks
80%
March
80%
My
80%
name
80%
now
80%
Verse 1 The
80%
the
80%
we
80%
We
80%
Pre-Chorus Where
80%
your
80%
Chorus Your
80%
11:59?
60%
18th
60%
And
60%
and
60%
at
60%
born
60%
broke
60%
'Cause
60%
change
60%
cute
60%
day
60%
every
60%
feel
60%
found
60%
fuckin'
60%
hate
60%
I'm
60%
It
60%
it
60%
it'll
60%
lips
60%
met
60%
midnight?
60%
never
60%
night
60%
out
60%
put
60%
same
60%
so
60%
song
60%
special
60%
sucks
60%
that
60%
up
60%
weird
60%
were
60%
without
60%
always
40%
callin'
40%
can
40%
couldn't
40%
for
40%
it's
40%
know
40%
off
40%
people
40%
reasons
40%
scared
40%
shitty
40%
That's
40%
that's
40%
things
40%
thousand
40%
was
40%
way
40%
wrong
40%
eighty
20%
even
20%
five
20%
hundred
20%
if
20%
Just
20%
little
20%
many
20%
more
20%
myself
20%
nothing's
20%
seem
20%
something
20%
There
20%
Three
20%
want
20%
What
20%
don't
0%
than
0%
those
0%
No matching quizzes found
Score Distribution
Percent of People with Each Score
Percentile by Number Answered
Your Score History
You have not taken this quiz